Normal view
MARC view
- LASERS-UNDERSTANDING
Entry Topical Term
001 - CONTROL NUMBER
- control field: 77737
003 - CONTROL NUMBER IDENTIFIER
- control field: NUST
005 - DATE AND TIME OF LATEST TRANSACTION
- control field: 20210628205959.0
008 - FIXED-LENGTH DATA ELEMENTS
- fixed length control field: 210628|| aca||aabn | a|a d
040 ## - CATALOGING SOURCE
- Original cataloging agency: NUST
- Transcribing agency: NUST
150 ## - HEADING--TOPICAL TERM
- Topical term or geographic name entry element: LASERS-UNDERSTANDING
670 ## - SOURCE DATA FOUND
- Source citation: Work cat.: (NUST): Hecht, Jeff 63475, Understanding lasers, 1988
